logo

Bir Sreshtho Munshi Abdur Rouf Library
Jhenaidah Cadet College

Advanced inorganic chemistry / (Record no. 8347)

MARC details
000 -LEADER
fixed length control field 01196pam a2200325 a 4500
001 - CONTROL NUMBER
JCCL Control Number 8347
003 - CONTROL NUMBER IDENTIFIER
JCCL marc code BD-JhCC
005 - DATE AND TIME OF LATEST TRANSACTION
control field 20180222104203.0
008 - FIXED-LENGTH DATA ELEMENTS--GENERAL INFORMATION
fixed length control field 870723s1988 nyua b 001 0 eng
020 ## - INTERNATIONAL STANDARD BOOK NUMBER
International Standard Book Number 0471849979 :
Terms of availability $38.50 (est.)
035 ## - SYSTEM CONTROL NUMBER
system control number (BD-JhCC)8347
040 ## - CATALOGING SOURCE
Original cataloging agency DLC
Transcribing agency DLC
Modifying agency DLC
-- BD-JhCC
041 ## - LANGUAGE CODE
Language code of Book eng
050 00 - LIBRARY OF CONGRESS CALL NUMBER
Classification number QD151.2
Item number .C68 1988
082 00 - DEWEY DECIMAL CLASSIFICATION NUMBER
Classification number 546
DDC Edition number 19
Author mark and Year COT 1988
100 1# - MAIN ENTRY--PERSONAL NAME
Personal name Cotton, F. Albert
Fuller form of name (Frank Albert),
Dates associated with a name 1930-2007.
245 10 - TITLE STATEMENT
Title Advanced inorganic chemistry /
Statement of responsibility, etc F. Albert Cotton and Geoffrey Wilkinson.
250 ## - EDITION STATEMENT
Edition statement 5th ed.
260 ## - PUBLICATION, DISTRIBUTION, ETC. (IMPRINT)
Place of publication, distribution, etc New York :
Name of publisher, distributor, etc Wiley,
Date of publication, distribution, etc c1988.
300 ## - PHYSICAL DESCRIPTION
Pagination xvii, 1455 p. :
Other physical details ill. ;
Dimensions 24 cm.
500 ## - GENERAL NOTE
General note "A Wiley-Interscience publication."
504 ## - BIBLIOGRAPHY, ETC. NOTE
Bibliography, etc Includes bibliographies and index.
650 #0 - SUBJECT ADDED ENTRY--TOPICAL TERM
Topical term or geographic name as entry element Chemistry, Inorganic.
700 1# - ADDED ENTRY--PERSONAL NAME
Personal name Wilkinson, Geoffrey,
Dates associated with a name 1921-1996.
856 42 - ELECTRONIC LOCATION AND ACCESS
Materials specified Contributor biographical information
Uniform Resource Identifier http://www.loc.gov/catdir/enhancements/fy0607/87020728-b.html
856 42 - ELECTRONIC LOCATION AND ACCESS
Materials specified Publisher description
Uniform Resource Identifier http://www.loc.gov/catdir/enhancements/fy0607/87020728-d.html
856 41 - ELECTRONIC LOCATION AND ACCESS
Materials specified Table of contents only
Uniform Resource Identifier http://www.loc.gov/catdir/enhancements/fy0607/87020728-t.html
942 ## - ADDED ENTRY ELEMENTS (KOHA)
Source of classification or shelving scheme Dewey Decimal Classification
Koha item type Books
Holdings
Source of classification or shelving scheme Damaged status Not for loan Home library Current library Shelving location Total Checkouts Full call number Barcode Date last seen Copy number Koha item type
Dewey Decimal Classification     JCC Rouf Library JCC Rouf Library General Stacks   546 COT 1988 10952 02/22/2018 C - 1 Books

JCC Library | Contacts | JCC Home

Last Update on 23 September 2017
Copyright @ 2017-2020 JCC Rouf Library
Rouf Library, Jhenidah Cadet College (JCC), Bangladesh